1715 1038 1435 1114 1082 1786 1873 1213 1291 1386 1462 1451 1785 1307 1106 1878 1433 1993 1608 1452 1681 1333 1508 1405 1877 1079 1361 1097 1012 1278 1558 1941 1072 1859 1040 1370 1549 1274 1250 1857 1469 1466 1465 1976 1968 1597 1410 1516 1471 1161 1686 1232 1234 1291 1185 1612 1083 1485 1642 1025 1715 1134 1160 1607 1025 1143 1299 1946 1883 1019 1385 1723 1710 1015 1668 1961 1665 1508 1746 1457 1883 1482 1977 1717 1665 1928 1367 1518 1858 1428 1575 1909 1484 1065 1530 1000 1123 1594 1911 BCNSPRNW ULIB Ver.6.0+V

เปลี่ยนเป็นภาษาไทย

Change to English
 แสดงรายละเอียดบรรณานุกรม
  กลับหน้าหลัก

Brief Record : Get Marc (ISO 2709) : E-mail record : QR code < ปิดหน้าต่าง
LEADER : 00000nac a2200000 a 4500
001    13399114836
003     ULIB
008    050929s2547 th a 000 0 tha d
020    9741328737
050  4 ^aHQ76^bค752
245 00 ^aเครือข่ายสังคมและเพศสัมพันธ์กลุ่มชายชอบชาย /^cคณะผู้วิจัย วิภา ด่านธำรงกุล ... [และคนอื่นๆ] ; [บรรณาธิการ, วิภา ด่านธำรงกุล, วิชัย โปษยะจินดา]
250    ^aพิมพ์ครั้งที่ 1
260    ^aกรุงเทพฯ :^bฝ่ายศูนย์วิจัยยาเสพติด สถาบันวิจัยวิทยาศาสตร์การแพทย์ จุฬาลงกรณ์มหาวิทยาลัย,^c2547
300    ^a204 หน้า :^bภาพประกอบ ;^c24 ซม.
500    ^aSend to Single Search
650  4 ^aรักร่วมเพศ
650  4 ^aวิจัย
650  4 ^aผู้ชายขายตัว
650  4 ^aเพศสัมพันธ์
700 0  ^aวิภา ด่านธำรงกุล
700 0  ^aวิชัย โปษยะจินดา,^eบรรณาธิการ
710 2  ^aจุฬาลงกรณ์มหาวิทยาลัย. ^bสถาบันวิจัยวิทยาศาสตร์การแพทย์.
945    ^p0^l0^i032025
945    ^p0^l0^i032026
995    ^aเกษร
999 ^a ใช้งานได้ทุกระบบ
รายการนี้ยังไม่มีแท็ก
คุณยังไม่ได้ล็อกอิน คุณสามารถมีกิจกรรมร่วมกับเว็บไซต์ได้ แต่ต้องล็อกอินก่อน ::
  ล็อกอิน

รายการสื่อสารสนเทศ

ลำดับที่ ประเภท เลขเรียก/บาร์โค้ด สถานที่ สถานะ
- ไม่พบข้อมูล -

รายการใกล้เคียง
    หัวเรื่อง [รักร่วมเพศ]
    หัวเรื่อง [วิจัย]
    หัวเรื่อง [เพศสัมพันธ์]

BibComment


ยังไม่เคยถูกคอมเมนท์

คอมเมนท์ทรัพยากรรายการนี้
  คอมเมนท์: เครือข่ายสังคมแล..


 Copyright 2026. Bcnsprnw @Library